[Event "Open Vitrolles 2022/2023"]
[Site "Vitrolles"]
[Date "2023.05.07"]
[Round "9.11"]
[White "Guillaud, Florence"]
[Black "Schoeni, Christine"]
[Result "1-0"]
[WhiteElo "1156"]
[BlackElo "1199"]
[PlyCount "73"]
[WhiteTeam "Marseille Passion Echecs"]
[BlackTeam "CE Vitrolles"]

1. e4 e5 2. Bc4 Nf6 3. Nf3 d6 4. Nc3 Bg4 5. d3 c6 6. O-O Be7 7. Be3 O-O 8. d4
exd4 9. Bxd4 c5 10. Be3 Nc6 11. Bd3 Ne5 12. Be2 Nxf3+ 13. Bxf3 Qd7 14. h3 h5
15. Nd5 Nxe4 16. hxg4 h4 17. Bxe4 Qe6 18. Qf3 g6 19. Nxe7+ Qxe7 20. Bd3 Rac8
21. Rfe1 b6 22. Bh6 Qd8 23. Bxf8 Qxf8 24. Qf6 c4 25. Be4 Qd8 26. Qxd8+ Rxd8 27.
Re3 d5 28. Rd1 f5 29. Bxd5+ Kg7 30. gxf5 gxf5 31. Re7+ Kf6 32. Rf7+ Kg5 33. Rd4
b5 34. c3 a6 35. f4+ Kg4 36. Bf3+ Kg3 37. Rg7# 1-0